Miasta na literę D - Statystyki

Ogólne statystyki
  • Ten quiz został rozwiązany 54 razy
    31 od ostatniego zresetowania
  • Średni wynik to 10 z 20
Statystyki odpowiedzi
Podpowiedź Miasto % Poprawnych
Największe miasto Irlandii Dublin
100%
Najludniejsze miasto Indii Delhi
87%
Najdalej wysunięta na zachód stolica Afryki (kontynentalna) Dakar
74%
Borussia.. Dortmund
74%
Z Burdż-Khalifą, najwyższym budynkiem świata Dubaj
74%
Stolica Bangladeszu Dhaka
70%
Najgęściej zaludnione miasto województwa śląskiego Dąbrowa Górnicza
61%
Stolica kraju, gdzie odbywa się mundial w 2022 roku Doha
57%
Stolica Saksonii Drezno
57%
Na wyspie Jawie Dżakarta
52%
Jedna z dwóch fałszywych rosyjskich republik ludowych na Ukrainie Donieck
48%
Znane z ucieczki wojsk brytyjskich podczas 2 wojny światowej Dunkierka
48%
W województwie podkarpackim Dębica
43%
Przy Kanale La Manche, po stronie angielskiej Dover
39%
W Tadżykistanie Duszanbe
30%
W centrum Tanzanii Dodoma
26%
Znany z musztardy Dijon
22%
Jedno z największych miast Kamerunu Duala
17%
Na wschodzie RPA Durban
17%
Miasto jak naukowiec Darwin
13%
Nie znaleziono quizów pasujących do podanych kryteriów
Rozkład punktacji
Procent ludzi z każdym wynikiem
Percentyl według liczby udzielonych odpowiedzi
Twoja historia wyników
Nie rozwiązałeś tego quizu od ostatniego zresetowania